000 00266 a2200097 4500
001 54572
100 _aPoisel, R.A.
245 _aModern communication jamming principles and techniques
260 _aBoston
_bArtech House Boston
_c2004
090 _c33946
_d33946
942 _aNUST-CAE
_cMONOGRAPH
_c26609
999 _c289645
_d289645